000 00512nam a22001937a 4500
003 NUST - PNEC
005 20170116180823.0
008 150626b xxu||||| |||| 00| 0 eng d
020 _a0201435705
040 _cLIBRARY
082 _a515.15 THO
100 _94233
_aThomas, George B.
245 _aCalculus and analytic geometry
_cGeorge B. Thomas
250 _a9th ed
260 _aNew York
_bAddison-Wesley
_cc1996.
300 _aVarious Pages
650 _94234
_aAnalytic Geometry
_xME
942 _2ddc
_cBK
999 _c63809
_d63809